| 000 | 00680nam a22001937a 4500 | ||
|---|---|---|---|
| 008 | 090405t xxu||||| |||| 00| 0 eng d | ||
| 020 | _a 9780080445878 | ||
| 082 |
_222 _a620.1617 _bYOU |
||
| 100 |
_93108 _aYoung, D. J. _q (David John) |
||
| 245 |
_aHigh temperature oxidation and corrosion of metals / _cby David John Young. |
||
| 260 |
_aOxford : _bElsevier Science, _c2008 |
||
| 300 |
_axvii, 574 p. : _b ill. ; _c24 cm. |
||
| 440 |
_93110 _aCorrosion series ; _v 1 |
||
| 500 | _a Includes bibliographical references and index. | ||
| 650 |
_93112 _aAlloys |
||
| 650 |
_93111 _aMetallic oxides |
||
| 650 |
_93114 _aMetals _x-- Effect of high temperatures on. |
||
| 942 |
_2ddc _cBB |
||
| 999 |
_c11177 _d11177 |
||